Español 5000 #7 - sustantivos (masculinos, fáciles) - Statistics

General Stats
  • This quiz has been taken 6 times
  • The average score is 93 of 129
Answer Stats
Definición Palabra % Correct
Acción de rodear a alguien con los brazos como muestra de afecto. abrazo
100%
Padre de uno de los padres. abuelo
100%
Comida principal del mediodía. almuerzo
100%
Persona con la que se tiene una relación de confianza y afecto. amigo
100%
Sentimiento profundo de cariño y afecto. amor
100%
Medida que indica la extensión horizontal de algo. ancho
100%
Período de doce meses. año
100%
Nombre de familia que se usa después del nombre propio. apellido
100%
Planta grande con tronco y ramas. árbol
100%
Grano utilizado como alimento básico en muchas culturas. arroz
100%
Medio de transporte aéreo. avión
100%
Espacio donde se realizan acciones de higiene personal. baño
100%
Vehículo que se desplaza sobre el agua. barco
100%
Acción de tocar con los labios en señal de afecto. beso
100%
Estado positivo o correcto. bien
100%
Modificación de un estado o condición. cambio
100%
Animal doméstico criado para su carne. cerdo
100%
Espacio sobre la Tierra donde están las nubes y el sol. cielo
100%
Objeto afilado usado para cortar. cuchillo
100%
Aniversario del nacimiento de una persona. cumpleaños
100%
Extremidad pequeña de la mano o el pie. dedo
100%
Actividad física realizada con fines recreativos o competitivos. deporte
100%
Primera comida del día. desayuno
100%
Pausa o tiempo de reposo. descanso
100%
Período de 24 horas. día
100%
Primer mes del año. enero
100%
Momento final de algo. fin
100%
Combustión que produce calor y luz. fuego
100%
Movimiento de rotación o cambio de dirección. giro
100%
Percepción del sabor o preferencia personal. gusto
100%
Hombre con los mismos padres que otra persona. hermano
100%
Agua en estado sólido. hielo
100%
Persona de género masculino. hombre
100%
Parte del cuerpo que conecta el brazo con el torso. hombro
100%
Estación del año caracterizada por bajas temperaturas. invierno
100%
Actividad recreativa o de competencia. juego
100%
Cuarto día de la semana. jueves
100%
Conjunto de páginas encuadernadas con información o historia. libro
100%
Primer día de la semana laboral. lunes
100%
Hombre casado. marido
100%
Segundo día de la semana laboral. martes
100%
Momento del día en que el sol está más alto. mediodía
100%
Período de aproximadamente 30 días. mes
100%
Tercer día de la semana laboral. miércoles
100%
Palabra que identifica a una persona, objeto o lugar. nombre
100%
Persona con quien se mantiene una relación amorosa. novio
100%
Sentimiento fuerte de rechazo o aversión. odio
100%
Sentido que permite percibir sonidos. oído
100%
Órgano del cuerpo que permite la visión. ojo
100%
Metal precioso de color amarillo brillante. oro
100%
Animal mamífero de gran tamaño y pelaje grueso. oso
100%
Hombre que ha tenido hijos. padre
100%
Ave pequeña con capacidad de volar. pájaro
100%
Alimento hecho con harina y agua, horneado. pan
100%
Animal doméstico comúnmente como mascota. perro
100%
Pez capturado y preparado como alimento. pescado
100%
Extremidad del cuerpo usada para caminar. pie
100%
Superficie sobre la que se camina o niveles de un edificio. piso
100%
Hijo de los tíos, relación de parentesco. primo
100%
Producto derivado de la leche con variedad de sabores y texturas. queso
100%
Hombre que gobierna un reino o monarquía. rey
100%
Tener conocimiento sobre algo. saber
100%
Sensación producida por los alimentos al probarlos. sabor
100%
Hombre adulto, generalmente con respeto. señor
100%
Estado de descanso o imágenes mentales durante el dormir. sueño
100%
Hermano de los padres. tío
100%
Actividad realizada para obtener un beneficio o salario. trabajo
100%
Movimiento de aire en la atmósfera. viento
100%
Quinto día de la semana laboral. viernes
100%
Calzado utilizado para proteger los pies. zapato
100%
Metal fuerte y resistente usado en construcción. acero
50%
Momento del día en el que el sol comienza a ocultarse. atardecer
50%
Animal con plumas y capacidad de volar. ave
50%
Sustancia dulce utilizada para endulzar alimentos. azúcar
50%
Conjunto de posesiones o recursos. bienes
50%
Objeto usado para transportar cosas personales. bolso
50%
Extremidad superior del cuerpo humano. brazo
50%
Animal fuerte utilizado para transporte y trabajo. caballo
50%
Conjunto de pelos en la cabeza. cabello
50%
Sensación térmica elevada. calor
50%
Vía por donde se transita. camino
50%
Órgano del cuerpo que bombea sangre y también representa los sentimientos. corazón
50%
Proceso de desarrollo y aumento en tamaño crecimiento
50%
Conjunto de partes físicas que forman un ser vivo. cuerpo
50%
Representación visual creada con líneas o colores. dibujo
50%
Estructura ósea dentro de la boca usada para masticar. diente
50%
Medio de intercambio en economía. dinero
50%
Talento o habilidad especial. don
50%
Alimento con sabor azucarado. dulce
50%
Ave macho con canto característico. gallo
50%
Descendiente directo de una madre o padre. hijo
50%
Lugar donde vive una familia. hogar
50%
Célula reproductora o alimento producido por aves. huevo
50%
Parte lateral de algo. lado
50%
Extensión en longitud. largo
50%
Animal mamífero salvaje similar al perro. lobo
50%
Espacio geográfico o ubicación. lugar
50%
Animal del género masculino. macho
50%
Condición negativa o perjudicial. mal
50%
Unión legal entre dos personas. matrimonio
50%
Manera o forma de hacer algo. modo
50%
Joven de género masculino. muchacho
50%
Momento en que una persona o ser vivo viene al mundo. nacimiento
50%
Hijo o hija de un hijo. nieto
50%
Persona joven de género masculino. niño
50%
Filamentos que cubren parte del cuerpo humano y animal. pelo
50%
Animal acuático con branquias. pez
50%
Ave joven utilizada como alimento. pollo
50%
Razón o motivo de algo. porqué
50%
Momento inicial de algo. principio
50%
Corriente natural de agua que fluye hacia el mar o lago. río
50%
Estado libre de peligro o incertidumbre. seguro
50%
Astro que ilumina y da calor a la Tierra. sol
50%
Magnitud que permite medir la duración de eventos. tiempo
50%
Prenda de vestir larga utilizada especialmente por mujeres. vestido
50%
Luz o resplandor de un objeto. brillo
0%
Terreno extenso con vegetación. campo
0%
Niño o joven. chico
0%
Inicio de algo. comienzo
0%
Información adquirida sobre un tema. conocimiento
0%
Espacio dentro de una casa destinado a diferentes usos. cuarto
0%
Facultad o norma establecida para regular acciones. derecho
0%
Ser mítico asociado con el mal. diablo
0%
Sensación física o emocional desagradable. dolor
0%
Acción de dirigirse a alguien verbalmente o por teléfono. llamado
0%
Animal mamífero con extremidades ágiles. mono
0%
Planeta Tierra o conjunto de la realidad. mundo
0%
Lugar o cargo en un trabajo o actividad. puesto
0%
Animal mamífero macho de gran tamaño y fuerza. toro
0%
No matching quizzes found
Score Distribution
Percent of People with Each Score
Percentile by Number Answered
Your Score History
You have not taken this quiz